00900nam a2200253 i 4500001001000000003000900010005001700019007000300036008004100039040003000080082002200110100002500132245004300157264004800200300006000248336002700308337003300335338002800368500006700396504003300463650002400496651005700520651006900577000025690DO-SdBNP20250606121936.0ta110221s1997 dr abc 001 0 spa d aDO-SdBNPbspacBNPHUespa 4a972.93bP426e2221 aPeralta, Luz,eautor10aEste es nuestro país /cLuz Peralta. 2aSanto Domingo :bLotería Nacional,c1997. a222 páginas :bilustraciones, mapas, tablas ;c22 cm. atextobtxt2rdacontent asin mediaciónbn2rdamedia avolumenbnc2rdacarrier aIncluye datos biográficos de la autora en la contracubierta. aBibliografía : p. 219-222. 0aIdentidad nacional  4aRepública DominicanaxCaracterísticas nacionales 4aRepública DominicanaxDivisiones administrativas y políticas